After the deluge (Record no. 65698)

MARC details
000 -LEADER
fixed length control field 01011cam a2200229 4500
001 - CONTROL NUMBER
control field ABS63343
008 - FIXED-LENGTH DATA ELEMENTS--GENERAL INFORMATION
fixed length control field 000000n2000 000 0 eng u
035 ## - SYSTEM CONTROL NUMBER
System control number (Sirsi) u110163
100 ## - MAIN ENTRY--PERSONAL NAME
Personal name Kimblin, R
245 ## - TITLE STATEMENT
Title After the deluge
260 ## - PUBLICATION, DISTRIBUTION, ETC.
Date of publication, distribution, etc. 2000
490 ## - SERIES STATEMENT
Series statement Solicitors' Journal
Volume/sequential designation 144(45) 1 December 2000
520 ## - SUMMARY, ETC.
Summary, etc. Looks at how to deal with claims by individual property owners for damage caused by flooding, who may claim against those who caused, continued or permitted the development which could be deemed to have caused the flooding. Discusses the difficulties, legal and technical, that are raised by claims for physical damage. Concludes that aggrieved parties should contact the public bodies that have the statutory obligation to deal with water courses which flood before going to litigation.
590 ## - LOCAL NOTE (RLIN)
Local note ABS
650 ## - SUBJECT ADDED ENTRY--TOPICAL TERM
Topical term or geographic name entry element FLOOD DAMAGE
650 ## - SUBJECT ADDED ENTRY--TOPICAL TERM
Topical term or geographic name entry element CLAIMS
650 ## - SUBJECT ADDED ENTRY--TOPICAL TERM
Topical term or geographic name entry element NUISANCE
650 ## - SUBJECT ADDED ENTRY--TOPICAL TERM
Topical term or geographic name entry element LOCAL AUTHORITIES
650 ## - SUBJECT ADDED ENTRY--TOPICAL TERM
Topical term or geographic name entry element WATERCOURSES
690 ## - LOCAL SUBJECT ADDED ENTRY--TOPICAL TERM (OCLC, RLIN)
Topical term or geographic name as entry element PROPERTY
942 ## - ADDED ENTRY ELEMENTS (KOHA)
Suppress in OPAC 0
Holdings
Withdrawn status Lost status Source of classification or shelving scheme Damaged status Not for loan Home library Current library Shelving location Date acquired Total Checkouts Full call number Barcode Date last seen Copy number Price effective from Koha item type
    Dewey Decimal Classification     London London Journal article 05/01/2001   ABS63343 110163-1001 06/08/2019 1 06/08/2019 Journal article